000 00614nam a2200181Ia 4500
008 100920s9999 xx 000 0 und d
082 _b70638
_a--- थ 97
100 _aशिवानी गौरा पंत / अनु. जोशी पद्रमाकर.
245 _aकृष्णकली.
260 _bप्रतिमा प्रकाशन, पुणे.
_c1997
300 _a240
_bसाधी
365 _b150
520 _aकादंबरी.
630 _aकृष्णकली.
650 _aकादंबरी.
730 _aकृष्णकली.
942 _cBOOK
999 _c712633
_d712630